000 00347nam a2200133Ia 4500
005 20251222175939.0
008 251222s9999||||xx |||||||||||||| ||spa||
020 _a0
082 _a343.8/G11
245 0 _aPrincipales Cambios en el Impuesto a la Renta Vigentes a partir del 2013
250 _a1ra.ed.
264 _bGaceta Jurídica
942 _cLIB
999 _c41301
_d41301